|
|
|
|
| LEADER |
00000cam a2200000 c 4500 |
| 001 |
1089638574 |
| 003 |
DE-627 |
| 005 |
20240425202441.0 |
| 007 |
tu |
| 008 |
900207s1989 xx ||||| 00| ||rus c |
| 020 |
|
|
|a 5070005545
|9 5-07-000554-5
|
| 035 |
|
|
|a (DE-627)1089638574
|
| 035 |
|
|
|a (DE-576)019638574
|
| 035 |
|
|
|a (DE-599)BSZ019638574
|
| 035 |
|
|
|a (OCoLC)246723945
|
| 040 |
|
|
|a DE-627
|b ger
|c DE-627
|e rakwb
|
| 041 |
|
|
|a rus
|
| 084 |
|
|
|a 0
|2 ssgn
|
| 100 |
1 |
|
|a Vlasov, Vladimir G.
|4 aut
|
| 242 |
1 |
0 |
|a Inhalt: Das slaw. Alphabet u. d. slaw. Aufklärer
|y rus
|
| 245 |
1 |
0 |
|a Slavjanskaja azbuka i slavjanskie prosvetiteli
|c V. G. Vlasov
|
| 264 |
|
1 |
|a Moskva
|b Znanie
|c 1989
|
| 300 |
|
|
|a 61 S.
|
| 336 |
|
|
|a Text
|b txt
|2 rdacontent
|
| 337 |
|
|
|a ohne Hilfsmittel zu benutzen
|b n
|2 rdamedia
|
| 338 |
|
|
|a Band
|b nc
|2 rdacarrier
|
| 490 |
1 |
|
|a Novoe v žizni, nauke, technike
|a Naučnyj ateizm
|v 1989, 6
|
| 500 |
|
|
|a In kyrill. Schr., russ
|
| 583 |
1 |
|
|a Archivierung prüfen
|c 20200919
|f DE-640
|z 1
|2 pdager
|
| 583 |
1 |
|
|a Archivierung/Langzeitarchivierung gewährleistet
|f SSG
|x XA-DE-BW
|2 pdager
|5 DE-21
|
| 830 |
|
0 |
|a Novoe v žizni, nauke, technike / Naučnyj ateizm
|v 1989, 6
|9 1989, 6
|w (DE-627)1085603504
|w (DE-576)015603504
|7 am
|
| 935 |
|
|
|a mteo
|
| 951 |
|
|
|a BO
|
| ELC |
|
|
|b 1
|
| ITA |
|
|
|a 1
|t 1
|
| LOK |
|
|
|0 000 xxxxxcx a22 zn 4500
|
| LOK |
|
|
|0 001 2140500199
|
| LOK |
|
|
|0 003 DE-627
|
| LOK |
|
|
|0 004 1089638574
|
| LOK |
|
|
|0 005 19900207000000
|
| LOK |
|
|
|0 008 900207||||||||||||||||ger|||||||
|
| LOK |
|
|
|0 040
|a DE-21
|c DE-627
|d DE-21
|
| LOK |
|
|
|0 852
|a DE-21
|
| LOK |
|
|
|0 852 1
|c 8 E 5328
|9 00
|
| LOK |
|
|
|0 935
|a theo
|
| LOK |
|
|
|0 939
|a 07-02-90
|b l01
|
| ORI |
|
|
|a SA-MARC-ixtheoa001.raw
|
| REL |
|
|
|a 1
|
| SUB |
|
|
|a REL
|